Barry Trotter and the unauthorized parody / (Record no. 2614)

MARC details
000 -LEADER
fixed length control field 00931cam a2200289 a 4500
001 - CONTROL NUMBER
control field 2614
003 - CONTROL NUMBER IDENTIFIER
control field FISKH
005 - DATE AND TIME OF LATEST TRANSACTION
control field 20240104151106.0
008 - FIXED-LENGTH DATA ELEMENTS--GENERAL INFORMATION
fixed length control field 031010s2002 nyu 000 1 eng d
010 ## - LIBRARY OF CONGRESS CONTROL NUMBER
LC control number 2003277378
020 ## - INTERNATIONAL STANDARD BOOK NUMBER
International Standard Book Number 9780575074545
035 ## - SYSTEM CONTROL NUMBER
System control number (OCoLC)ocm50037331
040 ## - CATALOGING SOURCE
Original cataloging agency ORX
Transcribing agency ORX
Modifying agency UUC
-- DPL
-- JED
-- OCLCQ
-- DLC
Language of cataloging eng
042 ## - AUTHENTICATION CODE
Authentication code lccopycat
050 00 - LIBRARY OF CONGRESS CALL NUMBER
Classification number PN6231.P3
Item number G47 2002
082 04 - DEWEY DECIMAL CLASSIFICATION NUMBER
Classification number 813.6
Edition number 21
100 1# - MAIN ENTRY--PERSONAL NAME
Personal name Gerber, Michael,
Dates associated with a name 1969-
245 10 - TITLE STATEMENT
Title Barry Trotter and the unauthorized parody /
Statement of responsibility, etc. by Michael Gerber
260 ## - PUBLICATION, DISTRIBUTION, ETC.
Place of publication, distribution, etc. New York :
Name of publisher, distributor, etc. Gollancz,
Date of publication, distribution, etc. 2002.
300 ## - PHYSICAL DESCRIPTION
Extent 274 pages :
Dimensions 20 cm
500 ## - GENERAL NOTE
General note "A Fireside book."
520 ## - SUMMARY, ETC.
Summary, etc. Parody of J.K. Rowling's Harry Potter series.
600 10 - SUBJECT ADDED ENTRY--PERSONAL NAME
Personal name Potter, Harry
Titles and other words associated with a name (Fictitious character)
Form subdivision Parodies, imitations, etc.
600 10 - SUBJECT ADDED ENTRY--PERSONAL NAME
Personal name Rowling, J. K.
Form subdivision Parodies, imitations, etc.
906 ## - LOCAL DATA ELEMENT F, LDF (RLIN)
a 7
b cbc
c copycat
d 2
e ncip
f 20
g y-gencatlg
942 ## - ADDED ENTRY ELEMENTS (KOHA)
Source of classification or shelving scheme Dewey Decimal Classification
Koha item type Books
Suppress in OPAC No
Holdings
Withdrawn status Lost status Source of classification or shelving scheme Damaged status Not for loan Collection Home library Current library Shelving location Date acquired Total Checkouts Full call number Barcode Date last seen Date last checked out Price effective from Koha item type
    Dewey Decimal Classification     Fiction Footprints International School Library Network Toul Kork Campus Footprints International School Library Network Toul Kork Campus   01/04/2024 1 GER Fic PN6231.P3 FISSE03138 01/12/2024 01/12/2024 01/04/2024 Books